Crónica provincial : Berga / Sam Berga / Sam
Publicado:
San Jorge, núm. 81 (1r trimestre 1971), pàg 86 :
MARC
| LEADER | 00000nam a2200000Ia 4500 | ||
|---|---|---|---|
| 001 | |||
| 008 | 160829s9999 xx 000 0 cat d | ||
| 100 | |a Sam |9 21611 | ||
| 245 | |a Crónica provincial : |b Berga / Sam | ||
| 260 | |a San Jorge, núm. 81 (1r trimestre 1971), pàg 86 | ||
| 650 | |a Berga (Catalunya) |x Història |x 1936-1939, Guerra Civil |9 44672 | ||
| 650 | |a Oliba Cabreta |x Monuments |9 44673 | ||
| 650 | |a Competicions esportives I |9 44674 | ||
| 650 | |a Alcaldes |x Catalunya |9 39262 | ||
| 650 | |a Noguera Sala, Joan |9 44675 | ||
| 901 | |a Arxiu | ||
| 942 | |n 1 | ||
| 952 | |0 0 |1 0 |4 0 |7 1 |9 52089 |a Arxiu |b Arxiu |d 2016-12-01 |l 0 |r 2016-12-01 00:00:00 |w 2016-12-01 |y ARXIU | ||
| 999 | |c 55937 |d 55937 | ||